[Event "European Blitz 2017"]
[Site "Katowice POL"]
[Date "2017.12.15"]
[Round "12.77"]
[White "Montilla Carrillo, Esteban"]
[Black "Wieczorek, Oskar"]
[Result "1/2-1/2"]
[WhiteTitle "FM"]
[BlackTitle "IM"]
[WhiteElo "2233"]
[BlackElo "2463"]
[WhiteFideId "2208261"]
[BlackFideId "1133950"]
[EventDate "2017.12.15"]
[EventType "blitz"]

1. Nf3 Nf6 2. c4 g6 3. d4 c5 4. d5 b5 5. cxb5 a6 6. b6 Bg7 7. Nc3 d6 8. e4 Qxb6
9. Bd3 O-O 10. O-O Bg4 11. a4 Nbd7 12. a5 Qb7 13. Re1 Ne5 14. Be2 Bxf3 15. Bxf3
Nxf3+ 16. Qxf3 Nd7 17. Qe2 Rfb8 18. h4 Ne5 19. h5 Qb3 20. hxg6 hxg6 21. Na4 Nc4
22. Bg5 Rb4 23. Nb6 Nxb6 24. axb6 Rxb6 25. Bxe7 Qxb2 26. Qxb2 Bxb2 27. Ra2 c4
28. Bxd6 c3 29. Be5 Re8 30. Bd4 Rb4 31. Bf6 Rb6 32. Bd4 Rb4 33. Bf6 Rb6 34. Bd4
Rb4 35. Bf6 Rb6 1/2-1/2

[Event "European Blitz 2017"]
[Site "Katowice POL"]
[Date "2017.12.15"]
[Round "12.78"]
[White "Kumala, Aleksander"]
[Black "Tomczak, Mikolaj"]
[Result "1/2-1/2"]
[BlackTitle "FM"]
[WhiteElo "2220"]
[BlackElo "2372"]
[WhiteFideId "1141880"]
[BlackFideId "1175114"]
[EventDate "2017.12.15"]
[EventType "blitz"]

1. e4 c5 2. b3 e6 3. Bb2 d5 4. exd5 exd5 5. Bb5+ Bd7 6. Qe2+ Qe7 7. Bxd7+ Nxd7
8. d4 Qe6 9. dxc5 Nxc5 10. Nd2 Ne7 11. Ndf3 Nc6 12. O-O-O Ne4 13. Nd4 Nxd4 14.
Bxd4 Ba3+ 15. Kb1 O-O 16. f3 Nd6 17. Qxe6 fxe6 18. Ne2 Rfe8 19. Be5 Nf7 20. Bb2
Bxb2 21. Kxb2 Rad8 22. Nf4 g5 23. Nh5 Re7 24. Rhe1 Kf8 25. f4 gxf4 26. Nxf4 Rd6
27. h4 Nh6 28. Rd3 Ng4 29. Rg3 Nf6 30. Rf3 Ke8 31. Ng6 hxg6 32. Rxf6 g5 33. hxg5
Kd7 34. g6 e5 35. Ref1 Re8 36. Rf7+ Kc6 37. g7 Rg8 38. Re7 Rg6 39. Rff7 Rxg2 40.
Rxb7 d4 41. Rxa7 d3 42. Rac7+ Kb6 43. Rb7+ Kc6 44. Rbc7+ Kb6 45. Rb7+ Kc6 46.
Rbc7+ Kb6 47. Rb7+ Kc6 48. Rbc7+ 1/2-1/2

[Event "European Blitz 2017"]
[Site "Katowice POL"]
[Date "2017.12.15"]
[Round "12.79"]
[White "Ustianovich, Nazar"]
[Black "Stauskas, Lukas"]
[Result "1/2-1/2"]
[WhiteTitle "FM"]
[WhiteElo "2366"]
[BlackElo "2349"]
[WhiteFideId "14109778"]
[BlackFideId "12808148"]
[EventDate "2017.12.15"]
[EventType "swiss"]

1. d4 Nf6 2. Nf3 e6 3. g3 b6 4. Bg2 Bb7 5. O-O Be7 6. c4 O-O 7. Re1 Na6 8. Bf4
c5 9. dxc5 Nxc5 10. Nc3 Nce4 11. Nxe4 Bxe4 12. Bd6 Rc8 13. Rc1 Rc6 14. Bxe7 Qxe7
15. Qa4 Rc7 16. Nd4 Bxg2 17. Kxg2 a5 18. e4 d6 19. Qb3 Nd7 20. Nb5 Nc5 21. Qe3
Rd7 22. Rcd1 f5 23. exf5 Rxf5 24. f4 Qf8 25. Nd4 Rf6 26. Kg1 h6 27. b3 Re7 28.
Nb5 Rd7 29. Nc3 e5 30. Nd5 Re6 31. Qf2 Rf7 32. Qg2 exf4 33. Nxf4 Ref6 34. Rf1 g5
35. Nd5 Rxf1+ 36. Rxf1 Rxf1+ 37. Qxf1 Qxf1+ 38. Kxf1 Nd7 39. Ke2 Kf7 40. Ke3 Ke6
41. Ke4 h5 1/2-1/2

[Event "European Blitz 2017"]
[Site "Katowice POL"]
[Date "2017.12.15"]
[Round "12.80"]
[White "Snihur, Piotr"]
[Black "Krzyzanowski, Marcin"]
[Result "0-1"]
[BlackTitle "IM"]
[WhiteElo "2233"]
[BlackElo "2457"]
[WhiteFideId "1157191"]
[BlackFideId "1132199"]
[EventDate "2017.12.15"]
[EventType "blitz"]

1. d4 Nf6 2. c4 d6 3. Nc3 e5 4. dxe5 dxe5 5. Qxd8+ Kxd8 6. Bg5 c6 7. O-O-O+ Kc7
8. Nf3 Nbd7 9. e3 Bb4 10. Ne2 Ne4 11. Bh4 f6 12. a3 Be7 13. Kc2 a5 14. Nd2 Nxd2
15. Rxd2 Nc5 16. Nc3 Bf5+ 17. Kd1 Nb3 18. Re2 Rhd8+ 19. Ke1 Bd3 20. f4 Bxe2 21.
Bxe2 exf4 22. exf4 Nc1 23. f5 Nxe2 24. Kxe2 Bd6 25. Ne4 Be5 26. b3 Rd4 27. Ke3
Rad8 28. Rb1 Rxe4+ 29. Kxe4 Rd4+ 30. Ke3 Rxh4 31. h3 a4 32. Kd3 axb3 33. Rxb3
Rf4 34. Ke3 Rxc4 0-1

[Event "European Blitz 2017"]
[Site "Katowice POL"]
[Date "2017.12.15"]
[Round "12.81"]
[White "Sergeev, Vladimir"]
[Black "Paprocki, Jaroslaw"]
[Result "1-0"]
[WhiteTitle "GM"]
[WhiteElo "2406"]
[BlackElo "2184"]
[WhiteFideId "14101076"]
[BlackFideId "1122274"]
[EventDate "2017.12.15"]
[EventType "blitz"]

1. d4 Nf6 2. Nf3 e6 3. c3 d5 4. Bg5 c5 5. e3 Nc6 6. Nbd2 h6 7. Bh4 Qb6 8. Rb1
Be7 9. Bd3 O-O 10. O-O a5 11. Ne5 Nd7 12. Bg3 Ncxe5 13. dxe5 c4 14. Bc2 Nc5 15.
Qe2 Bd7 16. Nf3 Nd3 17. Rfd1 Bb5 18. Ne1 Nxe1 19. Qxe1 Qd8 20. e4 Bc6 21. exd5
Bxd5 22. Be4 a4 23. Bxd5 exd5 24. a3 Qa5 25. Rd4 f6 26. Rbd1 fxe5 27. Rxd5 Qb6
28. Qe2 Rac8 29. Rxe5 Bf6 30. Re6 Qb3 31. h3 Rcd8 32. Red6 Rxd6 33. Rxd6 Qb5 34.
Qd2 Re8 35. Rd5 Qb3 36. Rd7 Qb5 37. Kh2 Qc6 38. Rd5 b5 39. Rd6 Qc5 40. Qd5+ Qxd5
41. Rxd5 h5 42. h4 g6 43. Rxb5 Re2 44. Rb6 Kf7 45. Rb4 Rc2 46. Rxa4 Rxb2 47.
Rxc4 Rb3 48. a4 Rxc3 49. Rxc3 Bxc3 50. Bf4 Ke6 51. Kg3 Kd5 52. Bc7 Kc6 53. Bd8
Kd5 54. a5 Kc6 55. Bb6 Be1 56. Kf3 Bc3 57. Ke4 Bf6 58. g3 Be7 59. Ke5 Kd7 60. a6
Bd6+ 61. Ke4 1-0

[Event "European Blitz 2017"]
[Site "Katowice POL"]
[Date "2017.12.15"]
[Round "12.82"]
[White "Kashtanov, Ruslan"]
[Black "Kiratzopoulos, Efthimios"]
[Result "1-0"]
[WhiteTitle "IM"]
[WhiteElo "2376"]
[BlackElo "2204"]
[WhiteFideId "4124871"]
[BlackFideId "4207629"]
[EventDate "2017.12.15"]
[EventType "blitz"]

1. Nf3 Nf6 2. c4 e6 3. g3 Nc6 4. Bg2 g6 5. O-O Bg7 6. d4 d6 7. Nc3 O-O 8. h3 h6
9. e4 e5 10. Be3 Re8 11. Re1 exd4 12. Nxd4 Nxd4 13. Bxd4 Nd7 14. f4 Nf8 15. Rc1
Bd7 16. Bf2 Bc6 17. Qd2 Ne6 18. Nd5 a5 19. b3 Nc5 20. Rcd1 Bxd5 21. cxd5 b6 22.
Qc2 Qd7 23. Rc1 Re7 24. e5 dxe5 25. Bxc5 bxc5 26. d6 Ree8 27. Bxa8 Rxa8 28. dxc7
exf4 29. Kg2 Bd4 30. Qe4 Rc8 31. Qxf4 Rxc7 32. Qxh6 Qd5+ 33. Kh2 Rc8 34. Rc2 Qc6
35. Rce2 Bc3 36. Rf1 a4 37. Qf4 Qd7 38. Qxa4 Qxa4 39. bxa4 Ra8 40. Rc2 Bd4 41.
Rc4 Kg7 42. Rd1 Re8 43. Rd2 f5 44. a5 Ra8 45. Ra4 Ra6 46. Rd3 Kf6 47. Rb3 Ra8
48. a6 Ke5 49. a7 c4 50. Rb5+ Ke4 51. Rxc4 Rxa7 52. a4 Kd3 53. Rcb4 Re7 54. Rb3+
Bc3 55. Rc5 Re2+ 56. Kg1 Re1+ 57. Kf2 Re2+ 58. Kf3 Re3+ 59. Kf4 Re4+ 60. Kg5
Rxa4 61. Rcxc3+ Kd4 62. Kxg6 Ke5 63. Re3+ Kd5 64. Rbd3+ Kc4 65. Kxf5 Ra5+ 66.
Kf4 Ra8 67. Rc3+ Kd5 68. Red3+ Ke6 69. Rc6+ Ke7 70. Rh6 Rf8+ 71. Kg4 Rg8+ 72.
Kh4 Ra8 73. Rd4 Ra5 74. Re4+ Kf7 75. Rh5 1-0

[Event "European Blitz 2017"]
[Site "Katowice POL"]
[Date "2017.12.15"]
[Round "12.84"]
[White "Stenner, Patrick"]
[Black "Dudzinski, Pawel"]
[Result "1-0"]
[BlackTitle "FM"]
[WhiteElo "2248"]
[BlackElo "2241"]
[WhiteFideId "4615760"]
[BlackFideId "1117890"]
[EventDate "2017.12.15"]
[EventType "swiss"]

1. e4 c6 2. d4 d5 3. e5 Bf5 4. g4 Be4 5. f3 Bg6 6. e6 Qd6 7. exf7+ Bxf7 8. Ne2
Nd7 9. c3 e5 10. Bg2 O-O-O 11. O-O Ngf6 12. h3 Qc7 13. f4 exf4 14. Bxf4 Bd6 15.
Bxd6 Qxd6 16. g5 Bh5 17. gxf6 gxf6 18. Bf3 Rhg8+ 19. Kh1 Rg3 20. Ng1 Rxf3 21.
Rxf3 Rg8 22. Nd2 Rg3 23. Qf1 Bxf3+ 24. Ndxf3 Nf8 25. Ne2 Rg6 26. Qf2 Ne6 27. Rg1
Ng5 28. Nxg5 fxg5 29. Qg3 Qe6 30. Qg4 Kd7 31. Qxe6+ Rxe6 32. Ng3 h6 33. Rf1 Re3
34. Kg2 Rd3 35. Rf7+ Kc8 36. Rf2 Kc7 37. Nf5 h5 38. Ng7 g4 39. h4 Rh3 40. Nf5
Rd3 41. Ng3 a5 42. Nxh5 Rh3 43. Nf6 Rxh4 44. Rf4 Rh6 45. Nxg4 Re6 46. Kf2 Kb6
47. Ne5 Rh6 48. Ke2 Rh2+ 49. Rf2 Rh3 50. Nd3 Kb5 51. Kd2 a4 52. a3 b6 53. Nb4 c5
54. dxc5 bxc5 55. Nxd5 Kc4 56. Nf4 Rh8 57. Kc2 Rf8 58. Nd3 Rd8 59. Rf4+ Kb5 60.
Rf5 Rc8 61. Rxc5+ 1-0

[Event "European Blitz 2017"]
[Site "Katowice POL"]
[Date "2017.12.15"]
[Round "12.85"]
[White "Janik, Igor"]
[Black "Bednarczyk, Damian"]
[Result "1-0"]
[WhiteTitle "FM"]
[WhiteElo "2413"]
[BlackElo "2227"]
[WhiteFideId "1159259"]
[BlackFideId "1137000"]
[EventDate "2017.12.15"]
[EventType "blitz"]

1. e4 c5 2. Nf3 d6 3. Bb5+ Bd7 4. Bxd7+ Qxd7 5. c4 Nf6 6. Nc3 Nc6 7. O-O g6 8.
d4 cxd4 9. Nxd4 Bg7 10. Nc2 O-O 11. Ne3 Rfc8 12. Rb1 Qd8 13. b3 Nd7 14. Bb2 Nc5
15. f3 a5 16. Nb5 a4 17. Bxg7 Kxg7 18. b4 Ne6 19. Kh1 Ne5 20. Qe2 Nf4 21. Qb2 f6
22. Na3 Nfd3 23. Qd4 Nf4 24. Qd2 Ne6 25. Nd5 Nxc4 26. Nxc4 Rxc4 27. Qf2 Ra6 28.
b5 Ra5 29. b6 Rac5 30. Qg3 Rc2 31. a3 Qd7 32. Qh3 h5 33. Qg3 Kf7 34. Qe1 Nd4 35.
Qe3 Ne2 36. Qh6 Nd4 37. Qh7+ Ke6 38. Qg8+ Ke5 39. Rbe1 g5 40. f4+ gxf4 41. Nxf4
Qg4 42. Nd3# 1-0

[Event "European Blitz 2017"]
[Site "Katowice POL"]
[Date "2017.12.15"]
[Round "12.86"]
[White "Babanin, Gleb"]
[Black "Kahleys, Kevin"]
[Result "0-1"]
[WhiteElo "2094"]
[BlackElo "2195"]
[WhiteFideId "34152536"]
[BlackFideId "24669601"]
[EventDate "2017.12.15"]
[EventType "blitz"]

1. e4 e6 2. Nf3 d5 3. e5 c5 4. b4 cxb4 5. a3 Nc6 6. axb4 Bxb4 7. c3 Be7 8. d4 f5
9. exf6 Nxf6 10. Bd3 O-O 11. O-O Qe8 12. Ba3 Qh5 13. Bxe7 Nxe7 14. Ne5 Qxd1 15.
Rxd1 Nc6 16. f4 Nxe5 17. fxe5 Ng4 18. Na3 Nf2 19. Bxh7+ Kxh7 20. Rf1 Nh3+ 21.
gxh3 Bd7 22. Rab1 b6 23. Rxf8 Rxf8 24. Rf1 Rxf1+ 25. Kxf1 Ba4 26. Ke2 b5 27. Nb1
Kg6 28. Nd2 Bc2 29. Kf3 a5 0-1

[Event "European Blitz 2017"]
[Site "Katowice POL"]
[Date "2017.12.15"]
[Round "12.87"]
[White "Kusiak, Matej"]
[Black "Motycakova, Monika"]
[Result "1-0"]
[BlackTitle "WFM"]
[WhiteElo "2280"]
[BlackElo "2133"]
[WhiteFideId "14911213"]
[BlackFideId "14909626"]
[EventDate "2017.12.15"]
[EventType "blitz"]

1. e4 e5 2. Nf3 Nc6 3. Bb5 a6 4. Bxc6 dxc6 5. d3 Bd6 6. h3 Ne7 7. Nc3 h6 8. Be3
Be6 9. d4 Ng6 10. dxe5 Nxe5 11. Nd4 Bd7 12. Qe2 Qe7 13. f4 Ng6 14. e5 Bb4 15.
O-O O-O-O 16. a3 Bxc3 17. bxc3 f6 18. e6 Be8 19. f5 Ne5 20. Bf4 c5 21. Bxe5 fxe5
22. Nf3 Bc6 23. Nxe5 Qd6 24. Nf7 Qg3 25. Nxh8 Rxh8 26. Qf2 Qxc3 27. Rfe1 Re8 28.
Rad1 Qf6 29. Qxc5 g6 30. e7 gxf5 31. Qe5 Qg6 32. Qe6+ Qxe6 33. Rxe6 h5 34. Re5
Be4 35. c3 Bc6 36. Kf2 Rg8 37. Rg1 Bd7 38. Ke3 1-0

[Event "European Blitz 2017"]
[Site "Katowice POL"]
[Date "2017.12.15"]
[Round "12.88"]
[White "Frink, Ferenc"]
[Black "Przybylski, Wojciech"]
[Result "0-1"]
[WhiteTitle "FM"]
[BlackTitle "FM"]
[WhiteElo "2106"]
[BlackElo "2320"]
[WhiteFideId "704946"]
[BlackFideId "1117599"]
[EventDate "2017.12.15"]
[EventType "blitz"]

1. e4 e5 2. f4 d5 3. Nf3 exf4 4. exd5 Nf6 5. Bc4 Nxd5 6. O-O Be7 7. d4 c6 8.
Bxd5 cxd5 9. Bxf4 O-O 10. Nc3 Nc6 11. Qd2 Be6 12. Rae1 Bf6 13. Be5 Nxe5 14. dxe5
Be7 15. h3 Qb6+ 16. Kh2 Rad8 17. Nd4 Bc5 18. Nf5 d4 19. Ne4 Bxf5 20. Nxc5 Bg6
21. b4 Rfe8 22. a3 Qc6 23. Qg5 b6 24. Nd3 Qxc2 25. Nf4 Qf5 26. Qg3 Qd7 27. e6
fxe6 28. Nxg6 hxg6 29. Qxg6 Re7 30. Rf4 Qe8 31. Qg5 Rd5 32. Qg3 d3 33. Rg4 d2
34. Rxe6 Rxe6 35. Rxg7+ Kh8 36. Rg4 Rh5 37. Qc3+ Ree5 38. Qxd2 Qb8 39. Kh1 Qe8
40. Qc3 Rh7 41. Re4 Rh5 42. g4 Rg5 43. Qd4 Qa8 44. h4 Qxe4+ 45. Qxe4 Rxe4 46.
hxg5 Rxg4 47. Kh2 Rxg5 48. Kh3 Rf5 0-1

[Event "European Blitz 2017"]
[Site "Katowice POL"]
[Date "2017.12.15"]
[Round "12.89"]
[White "Tomaszewski, Roman"]
[Black "Qorri, Fatmir"]
[Result "1-0"]
[WhiteTitle "IM"]
[WhiteElo "2285"]
[BlackElo "2032"]
[WhiteFideId "1100637"]
[BlackFideId "4702107"]
[EventDate "2017.12.15"]
[EventType "blitz"]

1. c4 Nf6 2. Nc3 d6 3. g3 e5 4. Bg2 c6 5. e4 Nbd7 6. Nge2 Be7 7. O-O O-O 8. d3
Nc5 9. h3 h6 10. Be3 b6 11. f4 Bd7 12. b4 Ne6 13. f5 Ng5 14. h4 Ngh7 15. Qb3 Qc7
16. a3 a6 17. Bf3 Qb7 18. Kg2 Rfd8 19. g4 Ne8 20. Rh1 f6 21. Ng3 Kh8 22. Qd1 a5
23. b5 cxb5 24. cxb5 Rac8 25. Nd5 Bf8 26. Bxb6 Nc7 27. Bxc7 Rxc7 28. Nxc7 Qxc7
29. Rc1 Qb6 30. a4 Be7 31. Qg1 Qb8 32. Qe3 Rg8 33. Ne2 Bd8 34. Nc3 Bb6 35. Qd2
Bc8 36. Nd5 Bc5 37. g5 g6 38. Ne7 gxf5 39. exf5 Rg7 40. Ng6+ Kg8 41. Bd5+ Rf7
42. Bxf7+ Kxf7 43. Qa2+ Kg7 44. gxh6+ Kxh6 45. Qf7 Bxf5 46. Ne7 Qb7+ 47. Kh2 Qb8
48. Nxf5# 1-0

[Event "European Blitz 2017"]
[Site "Katowice POL"]
[Date "2017.12.15"]
[Round "12.90"]
[White "Zukauskas, Arnas Povilas"]
[Black "Tate, Alan"]
[Result "0-1"]
[BlackTitle "FM"]
[WhiteElo "2082"]
[BlackElo "2358"]
[WhiteFideId "12808180"]
[BlackFideId "2401878"]
[EventDate "2017.12.15"]
[EventType "blitz"]

1. e4 g6 2. d4 Bg7 3. Nc3 d6 4. g3 Nf6 5. Bg2 O-O 6. Nge2 c6 7. O-O e5 8. dxe5
dxe5 9. Be3 Qc7 10. h3 Rd8 11. Qc1 Nbd7 12. Rd1 b5 13. a3 Bb7 14. Bh6 Nc5 15.
Bxg7 Kxg7 16. Qe3 Qb6 17. Kh1 Ne6 18. Qxb6 axb6 19. Rxd8 Rxd8 20. Rd1 Rxd1+ 21.
Nxd1 c5 22. f3 Nd4 23. Nxd4 exd4 24. Bf1 Bc6 25. Kg2 g5 26. Kf2 h5 27. b3 h4 28.
gxh4 gxh4 29. Nb2 Nh5 30. Nd3 Kf6 31. Ne1 Nf4 32. Nd3 Ng6 33. Bg2 Kg5 34. Bf1
Bd7 35. Bg2 Be6 36. Bf1 c4 37. Nc1 d3 38. cxd3 cxb3 0-1

[Event "European Blitz 2017"]
[Site "Katowice POL"]
[Date "2017.12.15"]
[Round "12.91"]
[White "Tokranovs, Dmitrijs"]
[Black "Roenko, Artur"]
[Result "1-0"]
[WhiteTitle "FM"]
[WhiteElo "2348"]
[BlackElo "2167"]
[WhiteFideId "11603011"]
[BlackFideId "14136732"]
[EventDate "2017.12.15"]
[EventType "blitz"]

1. e4 e6 2. d4 d5 3. exd5 exd5 4. Nc3 c6 5. Bd3 Bd6 6. Nge2 Nf6 7. Bg5 Bg4 8. f3
Bh5 9. Qd2 Nbd7 10. O-O-O b5 11. Ng3 Bg6 12. Rde1+ Be7 13. Qe3 Rb8 14. Re2 Rb7
15. Rhe1 Nb6 16. h4 Nc8 17. h5 Bxd3 18. Qxd3 O-O 19. Nf5 Bb4 20. h6 g6 21. Ne3
Nd6 22. Ng4 Nde8 23. Rxe8 Rxe8 24. Nxf6+ 1-0

[Event "European Blitz 2017"]
[Site "Katowice POL"]
[Date "2017.12.15"]
[Round "12.92"]
[White "Kutynec, Vladimir"]
[Black "Wozniak, Mariola"]
[Result "1-0"]
[WhiteTitle "IM"]
[BlackTitle "WIM"]
[WhiteElo "2270"]
[BlackElo "2170"]
[WhiteFideId "4119843"]
[BlackFideId "1152050"]
[EventDate "2017.12.15"]
[EventType "blitz"]

1. Nf3 f5 2. b4 Nf6 3. Bb2 e6 4. b5 Be7 5. g3 O-O 6. Bg2 d6 7. d4 a6 8. a4 axb5
9. axb5 Rxa1 10. Bxa1 c6 11. bxc6 bxc6 12. O-O Nbd7 13. c4 d5 14. Nbd2 Ne4 15.
Qa4 Qc7 16. Rc1 Qb7 17. Rb1 Qa6 18. Qxa6 Bxa6 19. Nxe4 fxe4 20. Nd2 Rb8 21.
Rxb8+ Nxb8 22. Bc3 Nd7 23. e3 Nb6 24. c5 Na4 25. Ba5 Kf7 26. f3 exf3 27. Nxf3
Bf6 28. Bc7 Nb2 29. Ne5+ Bxe5 30. Bxe5 Nc4 31. Bf4 Kf6 32. h4 h6 33. h5 Bb5 34.
Kf2 Ba4 35. Bf3 Bc2 36. Be2 Nd2 37. Be5+ Kf7 38. Ba6 Ne4+ 39. Ke2 Ba4 40. Bf4
Kf6 41. Kf3 Bd1+ 42. Kg2 Bxh5 43. Bb7 Be8 44. Be5+ Kf7 45. Kf3 g6 46. g4 h5 47.
gxh5 gxh5 48. Kf4 Kg6 49. Bc8 Kf7 50. Bc7 Kf6 51. Bd8+ Kf7 52. Bh4 Kf8 53. Ke5
Kf7 54. Bxe6+ Kg6 55. Bf5+ Kf7 56. Bxe4 dxe4 57. Kxe4 Kg6 58. Ke5 Bd7 59. Kd6
Be8 60. e4 Kf7 61. d5 cxd5 62. exd5 Kg6 63. c6 1-0

[Event "European Blitz 2017"]
[Site "Katowice POL"]
[Date "2017.12.15"]
[Round "12.93"]
[White "Woloch, Oskar"]
[Black "Reza, Wojciech"]
[Result "0-1"]
[WhiteElo "2107"]
[BlackElo "2283"]
[WhiteFideId "1192116"]
[BlackFideId "1151967"]
[EventDate "2017.12.15"]
[EventType "blitz"]

1. d4 Nf6 2. c4 e6 3. Nf3 d5 4. g3 Be7 5. Bg2 O-O 6. O-O dxc4 7. a4 Nc6 8. e3
Na5 9. Nbd2 c6 10. Ne5 c5 11. Ndxc4 cxd4 12. exd4 Nxc4 13. Nxc4 Nd5 14. Ne5 Bd7
15. Qb3 Bc6 16. Bd2 Qb6 17. Qxb6 axb6 18. b3 Rfc8 19. Rfc1 Bf6 20. Rc2 Bxe5 21.
dxe5 Ne7 22. Bf1 Bd5 23. Rxc8+ Rxc8 24. b4 Nc6 25. Bc3 h5 26. b5 Na5 27. Ra3 Nc4
28. Ra1 Na5 29. Ra3 Nb3 30. Rxb3 Bxb3 31. Bd4 Rc1 32. Be3 Rb1 33. Kg2 Bxa4 34.
Bd3 Rd1 35. Be4 Bb3 36. Bxb7 Bd5+ 37. Bxd5 Rxd5 38. Bxb6 Rxe5 39. Bd4 Rxb5 40.
f4 f6 41. Kh3 Kf7 42. Kh4 Kg6 43. h3 Rb4 44. Bc3 Rc4 45. Bb2 e5 46. g4 Rxf4 0-1

[Event "European Blitz 2017"]
[Site "Katowice POL"]
[Date "2017.12.15"]
[Round "12.94"]
[White "Cherepov, Alexej"]
[Black "Kindler, Przemyslaw"]
[Result "0-1"]
[WhiteElo "2156"]
[BlackElo "2058"]
[WhiteFideId "13503650"]
[BlackFideId "1159542"]
[EventDate "2017.12.15"]
[EventType "blitz"]

1. d4 d6 2. Nf3 Nf6 3. c4 g6 4. Nc3 Bg7 5. e4 O-O 6. Be2 Re8 7. O-O Bg4 8. Be3
Bxf3 9. Bxf3 c6 10. Qc2 e6 11. h3 Nbd7 12. Rfe1 Rb8 13. Rad1 b5 14. e5 Nh5 15.
g4 bxc4 16. gxh5 d5 17. hxg6 hxg6 18. b3 cxb3 19. axb3 Qh4 20. Bg2 c5 21. dxc5
Nxe5 22. Ne2 Rec8 23. Ra1 Nc6 24. Ra4 Qf6 25. Rd1 a5 26. Rf4 Qe7 27. Ra4 Nb4 28.
Qd2 Nc6 29. Ra3 Rb4 30. Bf4 Qxc5 31. Rc1 Qb6 32. Qe3 Qb7 33. Bd6 Bb2 34. Bxb4
axb4 35. Rxc6 bxa3 36. Rb6 Qxb6 37. Qxb6 a2 38. Qb7 a1=Q+ 39. Kh2 Be5+ 40. f4
Rb8 41. Qe7 Qb2 42. fxe5 Qxe2 43. Qc7 Qb5 44. h4 Qxb3 45. h5 gxh5 46. Qe7 Qe3
47. Qf6 h4 48. Qe7 Qxe5+ 0-1

[Event "European Blitz 2017"]
[Site "Katowice POL"]
[Date "2017.12.15"]
[Round "12.95"]
[White "Malczyk, Radoslaw"]
[Black "Sotsky, Alexander"]
[Result "1/2-1/2"]
[BlackTitle "IM"]
[WhiteElo "2049"]
[BlackElo "2333"]
[WhiteFideId "1128574"]
[BlackFideId "4130715"]
[EventDate "2017.12.15"]
[EventType "blitz"]

1. d4 d5 2. c4 e6 3. Nc3 f5 4. Nf3 Nf6 5. Bg5 Be7 6. e3 c6 7. a3 O-O 8. Rc1 Bd7
9. b4 a6 10. c5 Be8 11. Ne5 Bh5 12. f3 Nbd7 13. Bd3 Nxe5 14. dxe5 Nd7 15. Bxe7
Qxe7 16. Ne2 Nxe5 17. Bb1 Qh4+ 18. Ng3 f4 19. exf4 Rxf4 20. O-O Raf8 21. Nxh5
Qxh5 22. Qe2 R8f6 23. Rfe1 Nf7 24. a4 Rxb4 25. Bc2 e5 26. Rb1 Qh4 27. Qd2 Rxb1
28. Rxb1 Nd8 29. Qa5 Rf8 30. Re1 g6 31. Qc3 Qd4+ 32. Qxd4 exd4 33. Re7 Rf7 34.
Re8+ Rf8 35. Re7 Nf7 36. Rxb7 Ne5 37. Rb6 d3 38. Bd1 Re8 39. Kf2 a5 40. f4 Nc4
41. Rxc6 Nb2 42. Bf3 Rd8 43. Ke3 d4+ 44. Kd2 Kf7 45. Ra6 Rc8 46. Bd5+ Kg7 47.
Rxa5 Re8 48. Ra7+ Kh6 49. Bf3 Re3 50. c6 Nc4+ 51. Kd1 d2 52. c7 Re1+ 53. Kc2 Re8
54. Bd5 Ne3+ 55. Kxd2 Nxd5 56. g3 Rc8 57. Kd3 Nxc7 58. Kxd4 Rd8+ 59. Ke4 Nd5 60.
a5 Nc3+ 61. Kf3 Rd3+ 62. Kg4 Nd1 63. a6 Nf2+ 64. Kh4 Rd4 65. g4 Rxf4 66. Kg3 Rf8
67. Rb7 Ne4+ 68. Kg2 Ra8 69. a7 Nd6 70. Rd7 Nb5 71. h4 Rxa7 72. Rd5 Ra2+ 73. Kg3
Ra3+ 74. Kf4 Nc3 75. Rd7 Ne2+ 76. Ke4 Ra4+ 77. Kf3 Nd4+ 78. Kg3 Ra3+ 79. Kf4
Ne6+ 80. Ke5 Nc5 81. g5+ Kh5 82. Rxh7+ Kg4 83. Rh6 Ra6 84. h5 Nd7+ 85. Kd4 Ra4+
86. Kd5 Ra5+ 87. Kd6 Ne5 88. hxg6 Kxg5 89. Rh1 Nxg6 90. Rg1+ Kf5 91. Rf1+ Nf4
92. Kc6 Re5 93. Kd6 Rd5+ 94. Kc6 Re5 95. Kd6 Rd5+ 96. Kc6 Rd2 97. Re1 Nd3 98.
Re8 Ne5+ 99. Kc5 Rc2+ 100. Kd4 Rc4+ 101. Kd5 Rf4 102. Rf8+ Kg4 103. Rxf4+ Kxf4 1/2-1/2

[Event "European Blitz 2017"]
[Site "Katowice POL"]
[Date "2017.12.15"]
[Round "12.96"]
[White "Kozak, Antoni"]
[Black "Dubinski, Mateusz"]
[Result "0-1"]
[BlackTitle "CM"]
[WhiteElo "2076"]
[BlackElo "2249"]
[WhiteFideId "21832030"]
[BlackFideId "1125923"]
[EventDate "2017.12.15"]
[EventType "blitz"]

1. e4 e5 2. Nf3 Nc6 3. Nc3 Nf6 4. Bb5 Bb4 5. O-O O-O 6. d3 Bxc3 7. bxc3 d6 8.
Re1 Qe7 9. h3 Nd8 10. d4 h6 11. a4 a6 12. Bf1 c5 13. dxe5 dxe5 14. Bc4 Nc6 15.
Qe2 Nh5 16. Nd2 Nf4 17. Qf3 Na5 18. Ba2 Be6 19. Nb3 Nxb3 20. Bxb3 c4 21. Ba3 Qg5
22. Bxf8 Kxf8 23. Ba2 Nxh3+ 24. Kh2 Nf4 25. g3 Bg4 26. Qh1 Qh5+ 27. Kg1 Ne2+ 28.
Rxe2 Qxh1+ 29. Kxh1 Bxe2 30. Kg2 b5 31. f3 Rd8 32. axb5 axb5 33. Bb1 Rd1 34. Kf2
Bf1 35. Ra8+ Ke7 36. Ra7+ Kf6 37. Ba2 Ra1 38. Ra6+ Kg5 39. Ra7 Bh3 40. Ke3 Be6
41. f4+ Kf6 42. Ra5 exf4+ 43. gxf4 g6 44. Kd4 h5 45. Ke3 h4 46. Kf2 Bg4 47. Ra6+
Kg7 48. Ra5 Bd1 49. e5 Bxc2 50. Ra7 Bf5 51. Kf3 Be6 52. Ra5 Kh6 53. Kg2 Kh5 54.
Kf3 Bd5+ 55. Ke3 Be6 56. Kf3 h3 57. Kg3 Kh6 58. Ra6 Kh5 59. Ra5 g5 60. fxg5 Kxg5
61. Ra8 Kf5 62. Kxh3 Kxe5+ 63. Kg3 f5 64. Kf3 Bd5+ 65. Ke3 Bxa8 0-1

[Event "European Blitz 2017"]
[Site "Katowice POL"]
[Date "2017.12.15"]
[Round "12.97"]
[White "Gazik, Igor"]
[Black "Madrawski, Krzysztof"]
[Result "1-0"]
[WhiteTitle "IM"]
[WhiteElo "2257"]
[BlackElo "2052"]
[WhiteFideId "14900149"]
[BlackFideId "1163973"]
[EventDate "2017.12.15"]
[EventType "blitz"]

1. d4 b6 2. e4 Bb7 3. Bd3 e6 4. Nf3 d5 5. e5 c5 6. c3 Qd7 7. Qe2 a5 8. Bb5 Bc6
9. Na3 Bxb5 10. Nxb5 Nc6 11. Bf4 Nh6 12. O-O Be7 13. Rad1 Nf5 14. dxc5 Bxc5 15.
c4 d4 16. Qe4 h5 17. Nbxd4 Nfxd4 18. Nxd4 Bxd4 19. Rxd4 Qxd4 20. Qxc6+ Ke7 21.
Qb7+ Qd7 22. Bg5+ f6 23. exf6+ gxf6 24. Bxf6+ 1-0